000 00917nam a22002537a 4500
001 22139
005 20260416164940.0
008 260327b |||||||| |||| 00| 0 spa d
020 _a9786078546220
041 _aESP
082 _a612
_bS55
100 _aSilverthorn, Dee Unglaub
_eAUT
245 _aFisiología humana :
_bun enfoque integrado
250 _aOctava edición
260 _aCiudad de México :
_bMédica Panamericana,
_c2019
300 _avarias paginaciones :
_bilustraciones, cuadros, gráficos ;
_c27 cm.
440 _a ;
650 _aTCA
653 _aMedicina; Fisiología humana
654 _aCCS
700 _aJohnson, Bruce R.,
_eAUT
856 _uhttps://0u216usd4-y-https-accessmedicina-mhmedical-com.itmsp.museknowledge.com/searchresults.aspx?q=Fisiolog%u00eda+humana+un+enfoque+integrado
_zVéase además: Base de datos McGraw Hill Access Medicina
942 _cLIB
_dJUS
_fMIP
_n0
_2ddc
999 _c22139
_d22139